Des Herrn Abt Millot, ...

Bibliographic Details
Main Author: Christiani, Wilhelm Ernst (Author)
Format: Book
Language:Undetermined
PhysicalDescription:XXIV,566 s.
Published: Wien bey Franz Haas 1794

MARC

LEADER 00000nam a2200000 a 4500
001 vtls001425530
003 SK-MaSNL
005 20260301120743.0
008 240318s1794 xx 0 und
035 |a SNK000380431 
040 |a SNK  |b slo  |c SNK  |e AACR2 
041 0 |a und 
044 |a xx 
100 1 |a Christiani, Wilhelm Ernst  |4 aut  |9 299040 
245 1 0 |a Des Herrn Abt Millot, ... 
260 |a Wien  |b bey Franz Haas  |c 1794 
300 |a XXIV,566 s. 
958 |a ONDV 
999 |c 726944  |d 728874 
952 |t P60, <04>, [BOOK], {604}  |a SNK  |b SNK  |y VYP  |7 0  |o snkIC 37447/7  |i snkF 3246/89  |0 0  |1 0  |4 0  |d 2001-12-03  |l 0  |r 2005-01-02 00:00:00  |w 2026-02-23